000 00935nam a22002417a 4500
005 20110330143551.0
008 110330t xxu||||| |||| 00| 0 eng d
010 _aENG-102193
020 _a9788184503159
_c780.00
035 _aEN-85726
037 _bDBAD/PUB
040 _adpl
_bEng
082 _a370.710973
100 _926835
_aMohanty, Susandhya
245 _aTeacher educators :
_cby Susandhya Mohanty ; foreworded by Jagannath Mohanty
_btheir academic and professional profile /
260 _aNew Delhi
_bDeep and Deep Publications
_c2011
270 _aF-159, Rajouri Garden
_bNew Delhi
_e110027
300 _axiv,205p.
_c22cm (Hb)
500 _aIncludes bibliographical references and index
700 _926836
942 _2ddc
_cEN
_h370.710973
_mMOH
999 _c51317
_d51317